000
00277nam a22001217a 4500
020
_a
81-8388-197-1
082
_a
823
_b
SPI/J
245
_a
JATAKA TALES
260
_a
CHENNAI
_b
SPIDER BOOKS
520
_a
ENGLISH SHORT STORY
650
_a
ENGLISH SHORT STORY
_z
CHENNAI
942
_c
BK
999
_c
5698
_d
5698